书目信息 |
| 题名: |
先秦史
|
|
| 作者: | 吕思勉 著 | |
| 分册: | 文明卷 | |
| 出版信息: | 武汉 华中科技大学出版社 2016 |
|
| 页数: | 193页 | |
| 开本: | 21cm | |
| 丛书名: | ||
| 单 册: | ||
| 中图分类: | K22 , K220.3 | |
| 科图分类: | ||
| 主题词: | 先秦时代--xian qin shi dai--历史 , 文化史--wen hua shi--中国--先秦时代 | |
| 电子资源: | ||
| ISBN: | 978-7-5680-1179-2 | |
| 000 | 00776nam0 22002531 450 | |
| 001 | 1731243869 | |
| 005 | 20170602161219.0 | |
| 010 | @a978-7-5680-1179-2@dCNY16.00 | |
| 100 | @a20160304d2016 em y0chiy50 ea | |
| 101 | 0 | @achi |
| 102 | @aCN@b420000 | |
| 105 | @ay z 000yy | |
| 106 | @ar | |
| 200 | 1 | @a先秦史@Axian qin shi@i文明卷@f吕思勉著 |
| 210 | @a武汉@c华中科技大学出版社@d2016 | |
| 215 | @a193页@d21cm | |
| 330 | @a本书内容包括民族疆域、社会组织、农工商业、衣食住行、政治制度、宗教学术、结论。 | |
| 606 | 0 | @a先秦时代@Axian qin shi dai@x历史 |
| 606 | 0 | @a文化史@Awen hua shi@y中国@z先秦时代 |
| 690 | @aK22@v5 | |
| 690 | @aK220.3@v5 | |
| 701 | 0 | @a吕思勉@Alv si mian@f(1884~1957)@4著 |
| 801 | 0 | @aCN@bTANG WEI@c20170527 |
| 905 | @b0970728-32@dK22@e110@f5 | |
| 先秦史.文明卷/吕思勉著.-武汉:华中科技大学出版社,2016 |
| 193页;21cm |
| ISBN 978-7-5680-1179-2:CNY16.00 |
| 本书内容包括民族疆域、社会组织、农工商业、衣食住行、政治制度、宗教学术、结论。 |
| ● |
| 相关链接 |
|
|
|
|
正题名:先秦史
索取号:K22/110
 
预约/预借
| 序号 | 登录号 | 条形码 | 馆藏地/架位号 | 状态 | 备注 |
| 1 | 0970728 | 209707281 | 第二样本阅览室/ [索取号:K22/110] | 在馆 | |
| 2 | 0970729 | 209707290 | 第二借阅区/ [索取号:K22/110] | 在馆 | |
| 3 | 0970730 | 209707307 | 第二借阅区/ [索取号:K22/110] | 在馆 | |
| 4 | 0970731 | 209707316 | 第二借阅区/ [索取号:K22/110] | 在馆 | |
| 5 | 0970732 | 209707325 | 第二借阅区/ [索取号:K22/110] | 在馆 |